Mathematics Astronomy and Biology in Indian Tradition (Record no. 13641)

MARC details
000 -LEADER
fixed length control field 00411nam a22001577a 4500
003 - CONTROL NUMBER IDENTIFIER
control field OSt
008 - FIXED-LENGTH DATA ELEMENTS--GENERAL INFORMATION
fixed length control field 250530b |||||||| |||| 00| 0 eng d
020 ## - INTERNATIONAL STANDARD BOOK NUMBER
International Standard Book Number 9788121506885
082 ## - DEWEY DECIMAL CLASSIFICATION NUMBER
Classification number 509.54 CHM
100 ## - MAIN ENTRY--PERSONAL NAME
Personal name CHATTOPADHYAYA. D. P.
245 ## - TITLE STATEMENT
Title Mathematics Astronomy and Biology in Indian Tradition
260 ## - PUBLICATION, DISTRIBUTION, ETC. (IMPRINT)
Place of publication, distribution, etc 2010
Name of publisher, distributor, etc Munshiram Manoharlal Publishers
300 ## - PHYSICAL DESCRIPTION
Extent 128
650 ## - SUBJECT ADDED ENTRY--TOPICAL TERM
Topical term or geographic name as entry element General
942 ## - ADDED ENTRY ELEMENTS (KOHA)
Source of classification or shelving scheme Dewey Decimal Classification
Koha item type Text Books
Holdings
Withdrawn status Lost status Source of classification or shelving scheme Damaged status Not for loan Collection code Home library Current library Date acquired Source of acquisition Currency Cost, normal purchase price Bill Number Total Checkouts Full call number Acc. no. / Barcode Date last seen Actual Cost, discounted price Bill Date Koha item type
    Dewey Decimal Classification     Book Club and Indian Knowledge System PIET C-LIBRARY PIET C-LIBRARY 20/05/2025 Zaffa Books INR 120.00 ZBD0123   509.54 CHM K138 30/05/2025 90.00 20/05/2025 Text Books
    Dewey Decimal Classification     Book Club and Indian Knowledge System PIET C-LIBRARY PIET C-LIBRARY 20/05/2025 Zaffa Books INR 120.00 ZBD0123   509.54 CHM K139 30/05/2025 90.00 20/05/2025 Text Books

Design & Developed by: PIET Central Library
R70 Miles Stone Pattikalyana Samalkha Panipat 132102
mail ID :- [email protected], Phone No:- 0180-2569700 Ex.216